00963cam a22002531 4500001001300000003000400013005001700017008004100034010001700075035001900092040004200111042001200153050001400165082001200179110003200191245014200223260005100365300006200416500010300478650003100581650002100612650001600633711006000649l 45000121 DLC20260227111539.0780417s1945 quc 000 0 eng c al 45000121  a(OCoLC)3807658 aU. S. Dept. of Labor. Libr.cCCCdDLC apremarc00aHC59b.I5 a331.1372 aInternational Labour Office14aThe maintenance of high levels of employment during the period of industrial rehabilitation and reconversion.cSecond item on the agenda. aMontreal,bInternational Labour Office,c1945. a1 p. l., iv p., 1 l., 181 p., 1 l.bincl. tables.c24 cm. aAt head of title: Report II. International Labour Conference. Twenty-seventh session, Paris, 1945. 0aReconstruction (1939-1951) 0aEconomic policy. 0aUnemployed.2 aInternational Labor Conferencen(27th :d1945 :cParis)